| 000 | 00491pab a2200181 454500 | ||
|---|---|---|---|
| 008 | 180718b2009 xxu||||| |||| 00| 0 eng d | ||
| 100 | _aBandiera, oriana | ||
| 245 | _aActive and passive waste in government spending: evidence from a policy experiment | ||
| 260 | _c2009 | ||
| 300 | _ap.1278-308. | ||
| 362 | _aSep | ||
| 650 | _aGovernment expenditure | ||
| 700 | _aValletti, Tommaso | ||
| 700 | _aPrat, Andrea | ||
| 773 | _aAmerican Economic Review | ||
| 908 | _aN | ||
| 909 | _a84639 | ||
| 999 |
_c84639 _d84639 |
||